000 00633cam a2200229 a 4500
001 4713593
005 20171220045446.0
008 830118s1983 nju d 000 0 eng
010 _a 83003022
020 _a0136965830
040 _aDLC
_cDLC
_dDLC
041 _aeng
043 _an-us---
080 _a346.73070321 RIC
082 0 0 _a346.73070321 RIC
_219
100 1 _a14
101 _aLAW
245 1 0 _aPrentice-Hall dictionary of business, finance, and law /
_cby Michael Downey Rice.
740 0 _aDictionary of business, finance, and law.
906 _a7
_bcbc
_corignew
_d1
_eocip
_f19
_gy-gencatlg
942 _2ddc
_cBK
999 _c39215
_d39215